00965cam a2200277 i 450000100060000000300080000600500170001400800410003103500230007203500190009503500170011404000420013104100080017308200170018124500820019826000490028030000690032949000430039850400500044165000330049165100370052465100390056165100410060083000100064183000360065123086BD-RjUL20211209000905.0140310s1970 enkabd b 001 0 eng d a(OCoLC)ocm04586259 a(BD-RjUL)23151 a(NNC)2296145 aMSTcMSTdOCLdUKMdZCUdBD-RjULbeng aeng04a919218bAUS10aAustralia, New Zealand and the Southwest Pacific /cEdited by Charles Osborne aLondon :bUniversity of London Press,c1960. axi, 580 p., [7] leaves of plates :bill., maps, charts ;c22 cm.1 aA systematic regional geography,vv. 4 aIncludes Bibliography : p. 322-331 and index. 0aPhysical geographyzOceania. 0aOceaniaxDescription and travel. 0aAustraliaxDescription and travel. 0aNew ZealandxDescription and travel. 0vv. 4. 0aSystematic regional geography ;